000 00724nam a2200229 a 4500
999 _c3290
_d3290
001 3290
003 BD-JhCC
005 20171112174000.0
008 171112s1985198 ii a|||| |||a 000 0 ben d
035 _a(BD-JhCC)3290
040 _aBD-JhCC
_dBD-JhCC
041 _aben
082 _a001
_bGOP 1987
100 _aগুপ্তা, সুনিত
245 _aচিলড্রেন নলেজ ব্যাংক /
_cসুনিত গুপ্তা,
260 _aDelhi :
_bPustak Mahal,
_c1987
300 _a236 p. :
_c24 cm.
650 _aGeneral knowledge
700 _aরায়, শ্রীস্বপন প্রসন্ন (বাংলা সম্পা)
942 _2ddc
_cBK